| 000 | 00561nam a2200181 4500 | ||
|---|---|---|---|
| 003 | LK-CoMWRAF | ||
| 005 | 20240119213330.0 | ||
| 008 | 230901b1995 |||||||| |||| 00| 0 eng d | ||
| 040 |
_aLK-CoMWRAF _dLK-CoMWRAF _eLK-CoMWRAF |
||
| 041 | _asin | ||
| 082 |
_a891.483 _bWET |
||
| 100 |
_aවෙත්තසිංහ, සිබිල් _vWeththasinghe, Sybil |
||
| 245 | _aඅත්තම්මා | ||
| 246 | _aAththamma | ||
| 260 |
_aකෝට්ටේ : _bමාර් ග ප්රාකාශන, _c1995 |
||
| 650 | _aළමා කථා | ||
| 942 | _cBK | ||
| 999 |
_c3358 _d3358 |
||